| 000 | 00903nam a2200253 a 4500 | ||
|---|---|---|---|
| 001 | BRCA_2275 | ||
| 005 | 20190320203735.0 | ||
| 008 | 980401s1999####ne-a######---#000-0#spa-d | ||
| 020 | _a9012087236 | ||
| 041 | _aspa | ||
| 044 | _ane | ||
| 050 | 4 |
_aTR820 _b.W67 1999 |
|
| 245 | 1 | 0 |
_aWorld Press Photo _ctraducción Jorge A. Sánchez, Santi Cogolludo. |
| 260 |
_aÁmsterdam _bFundación World Press Photo _c1999 |
||
| 300 |
_a148 p. _bil. (algunas a color) _c30 cm. |
||
| 500 | _aCatálogo de la exposición realizada en el Museo Franz Mayer (Ciudad de México), agosto 1999 | ||
| 500 | _aIncluye lista de países participantes | ||
| 650 | 1 | 4 |
_aFotoperiodismo _vExposiciones _xPremios _95406 |
| 650 | 1 | 4 |
_aFotografía _vExposiciones _xPremios _95407 |
| 650 | 1 | 4 |
_aReportajes fotográficos _vExposiciones _96816 |
| 700 | 1 |
_aSánchez, Jorge A. _96817 |
|
| 700 | 1 |
_aCogolludo, Santi _96818 |
|
| 942 |
_2lcc _cB |
||
| 999 |
_c2021 _d2021 |
||